Principles & practice of surgery. (5th ed.) (Record no. 32512)
[ view plain ]
| 000 -LEADER | |
|---|---|
| fixed length control field | 00738nam a2200205 a 4500 |
| 008 - FIXED-LENGTH DATA ELEMENTS--GENERAL INFORMATION | |
| fixed length control field | 130513s2007 ||||||||||||||||| || u |
| 020 ## - INTERNATIONAL STANDARD BOOK NUMBER | |
| International Standard Book Number | 9780443101571 |
| 050 ## - LIBRARY OF CONGRESS CALL NUMBER | |
| Classification number | RD 32 Pri |
| 100 ## - MAIN ENTRY--PERSONAL NAME | |
| Personal name | Forsythe, John L. R |
| 245 10 - TITLE STATEMENT | |
| Title | Principles & practice of surgery. (5th ed.) |
| Statement of responsibility, etc. | Edited by O. James Garden [and others] |
| 250 ## - EDITION STATEMENT | |
| Edition statement | 5th ed. |
| 260 ## - PUBLICATION, DISTRIBUTION, ETC. | |
| Place of publication, distribution, etc. | Edinburgh: |
| Name of publisher, distributor, etc. | Elsevier |
| Date of publication, distribution, etc. | 2007 |
| 300 ## - PHYSICAL DESCRIPTION | |
| Extent | x, 593p.: ill. |
| 500 ## - GENERAL NOTE | |
| General note | SCHOOL OF MEDICINE |
| 650 ## - SUBJECT ADDED ENTRY--TOPICAL TERM | |
| Topical term or geographic name entry element | SURGERY--OPERATIVE |
| 650 #0 - SUBJECT ADDED ENTRY--TOPICAL TERM | |
| Topical term or geographic name entry element | SURGERY |
| 700 ## - ADDED ENTRY--PERSONAL NAME | |
| Personal name | Bradbury, Andrew W |
| 700 ## - ADDED ENTRY--PERSONAL NAME | |
| Personal name | Garden, James O |
| 995 ## - | |
| -- | MEDICAL LIBRARY OPEN ACCESS |
| -- | 901925 |
| -- | CBU-SCHOOL OF MEDICINE LIBRARY (Ndola) |
| -- | RD 32 Pri |
| -- | 1 |
| -- | AVAILABLE |
| -- | May 20, 2013 |
| -- | 901925 |
| -- | Medical Library Open Access Collection |
| 999 ## - | |
| -- | 32512 |
| -- | 32512 |
| Withdrawn status | Lost status | Source of classification or shelving scheme | Damaged status | Not for loan | Permanent Location | Current Location | Shelving location | Date acquired | Total Checkouts | Total Renewals | Full call number | Barcode | Date last seen | Date last checked out | Price effective from | Koha item type |
|---|---|---|---|---|---|---|---|---|---|---|---|---|---|---|---|---|
| CBU-SCHOOL OF MEDICINE LIBRARY, NDOLA. | CBU-SCHOOL OF MEDICINE LIBRARY, NDOLA. | 11/30/2022 | 3 | 2 | RD 32 Pri | 901925 | 09/15/2025 | 07/16/2025 | 11/30/2022 | MONOGRAPH |